000 00235nam a2200085Ia 4500
008 120527s9999 xx 000 0 und d
100 _aBEOL, S
245 _aIntroduction to peace and conflict studies in west Africa: A reader
942 _cBK
999 _c25795
_d25795